| 000 | 01582cam a2200289 a 4500 | ||
|---|---|---|---|
| 001 | 15112548 | ||
| 005 | 20080212145418.0 | ||
| 008 | 071213s2007 enk 001 0 eng | ||
| 010 | _a 2007282560 | ||
| 020 | _a9780521714259 (pbk.) | ||
| 040 |
_aDLC _cDLC _dDLC |
||
| 050 | 0 | 0 |
_aJZ1305 _b.C73 2007 |
| 082 | 0 | 0 |
_a327.101 _222 _bREL |
| 245 | 0 | 0 |
_aCritical International relations theory after 25 years / _cedited by Nicholas Rengger and Ben Thirkell-White. |
| 260 |
_aCambridge ; _aNew York : _bCambridge University Press, _c2007. |
||
| 300 |
_avi, 176 p. ; _c25 cm. |
||
| 500 | _a"This is the first of four edited books, drawn from Special Issues, which will be produced while the Review of International Studies is based at the University of St Andrews"--Preface, p. v. | ||
| 650 | 0 |
_aInternational relations _xPhilosophy. _99345 |
|
| 700 | 1 |
_aRengger, N. J. _q(Nicholas J.) _99346 |
|
| 700 | 1 |
_aThirkell-White, Ben, _d1971- _99347 |
|
| 856 | 4 | 2 |
_3Contributor biographical information _uhttp://www.loc.gov/catdir/enhancements/fy0806/2007282560-b.html |
| 856 | 4 | 2 |
_3Publisher description _uhttp://www.loc.gov/catdir/enhancements/fy0806/2007282560-d.html |
| 856 | 4 | 1 |
_3Table of contents only _uhttp://www.loc.gov/catdir/enhancements/fy0806/2007282560-t.html |
| 942 |
_2ddc _cBB |
||
| 999 |
_c12906 _d12906 |
||